| 000 | 01771nam0a2200349 4500 | ||
|---|---|---|---|
| 001 | RU\NLR\bibl\1425260 | ||
| 005 | 20241119190549.0 | ||
| 020 |
_aRU _b90-13721 _9Летопись авторефератов диссертаций |
||
| 021 |
_aRU _b2009-10013а _9401а |
||
| 035 | _a(NLR Aleph) 001417185 | ||
| 090 |
_a1319567 _c1319567 |
||
| 100 | _a20090702d2009 u u0rusy50 ca | ||
| 101 | 0 | _arus | |
| 102 | _aRU | ||
| 105 | _aa dm ||||| | ||
| 200 | 1 |
_aСистема поддержки принятия решений в сфере управления деятельностью организации на основе процессного подхода _e(на примере территориальных учреждений Банка России) _eавтореф. дис. на соиск. учен. степ. канд. экон. наук _eспециальность 08.00.13 <Мат. и инструм. методы экономики> _fПирожков Валерий Александрович _g[Перм. гос. ун-т] |
|
| 210 |
_aПермь _d2009 |
||
| 215 |
_a26 с. _cил. _d21 |
||
| 320 | _aБиблиогр.: с. 25-26 (8 назв.) | ||
| 610 | 0 | _aРоссийская Федерация, экон. науки | |
| 675 |
_a330 _v3 _zrus |
||
| 686 |
_a06 _2rugasnti |
||
| 686 |
_a65.01 _2rubbk |
||
| 686 |
_a08.00.13 _2oksvnk |
||
| 700 | 1 |
_aПирожков _bВ. А. _gВалерий Александрович _4070 |
|
| 801 | 0 |
_aRU _bRKP _c20090702 _gPSBO |
|
| 801 | 1 |
_aRU _bRKP _c20090702 |
|
| 801 | 2 |
_aRU _bNLR _c20091016 _grcr |
|
| 901 | _eАвторефераты | ||
| 942 | _cBOOK | ||
| 981 | 1 | 0 | _a(10) Авторефераты |